U.S. States by a Single Word - Statistics

General Stats
  • This quiz has been taken 84 times
  • The average score is 13 of 20
Answer Stats
Word Answer % Correct
Mormon Utah
97%
Waikiki Hawaii
92%
Celtics Massachusetts
84%
Potato Idaho
83%
Keys Florida
79%
Katrina Louisiana
77%
NASA Texas
76%
Amish Pennsylvania
73%
Golden California
72%
Graceland Tennessee
69%
Roswell New Mexico
65%
Aleutian Alaska
57%
Peanut Georgia
56%
Puget Washington
55%
Lakes Minnesota
53%
Coors Colorado
51%
Knox Kentucky
41%
Dodge Kansas
31%
Custer Montana
24%
Unicameral Nebraska
21%
No matching quizzes found
Score Distribution
Percent of People with Each Score
Percentile by Number Answered
Your Score History
You have not taken this quiz